Constitution of the state of Wyoming : (Record no. 3463)

MARC details
000 -LEADER
fixed length control field 00968cam a2200265 a 4500
001 - CONTROL NUMBER
control field 2026994
003 - CONTROL NUMBER IDENTIFIER
control field OSt
005 - DATE AND TIME OF LATEST TRANSACTION
control field 20230703154600.0
008 - FIXED-LENGTH DATA ELEMENTS--GENERAL INFORMATION
fixed length control field 910910s1990 wyu s001 0 eng
010 ## - LIBRARY OF CONGRESS CONTROL NUMBER
LC control number 91622289
040 ## - CATALOGING SOURCE
Original cataloging agency DLC
Transcribing agency DLC
Modifying agency DLC
043 ## - GEOGRAPHIC AREA CODE
Geographic area code n-us-wy
082 00 - DEWEY DECIMAL CLASSIFICATION NUMBER
Classification number 342.787
Item number WYO
110 1# - MAIN ENTRY--CORPORATE NAME
Corporate name or jurisdiction name as entry element Wyoming.
240 10 - UNIFORM TITLE
Uniform title Constitution
245 10 - TITLE STATEMENT
Title Constitution of the state of Wyoming :
Remainder of title includes all amendments through November 6, 1990.
260 ## - PUBLICATION, DISTRIBUTION, ETC. (IMPRINT)
Place of publication, distribution, etc. [Cheyenne? Wyo.] :
Name of publisher, distributor, etc. Secretary of State,
Date of publication, distribution, etc. [1990]
300 ## - PHYSICAL DESCRIPTION
Extent 65 p. ;
Dimensions 22 cm.
500 ## - GENERAL NOTE
General note "The Constitution of the state of Wyoming was adopted in convention at Cheyenne, Wyoming on September 30, 1889 and ratified by the people of Wyoming on November 5, 1889."
500 ## - GENERAL NOTE
General note Includes index.
650 #0 - SUBJECT ADDED ENTRY--TOPICAL TERM
Topical term or geographic name as entry element Constitutions
Geographic subdivision Wyoming.
906 ## - LOCAL DATA ELEMENT F, LDF (RLIN)
a 7
b cbc
c orignew
d 2
e ncip
f 19
g y-gencatlg
942 ## - ADDED ENTRY ELEMENTS (KOHA)
Source of classification or shelving scheme Dewey Decimal Classification
Koha item type Books
Holdings
Withdrawn status Lost status Source of classification or shelving scheme Damaged status Not for loan Home library Current library Date acquired Total Checkouts Full call number Barcode Date last seen Price effective from Koha item type
    Dewey Decimal Classification     County Hall Archives County Hall Archives 07/03/2023   342.787 WYO 10013451 07/03/2023 07/03/2023 Books
LIBRARY OPENING HOURS

When the Parliament is sitting: 8.00a.m - 7.00p.m or until the house adjourns
Mondays and Fridays and when the House is on Recess:  8.00a.m - 5.00p.m
Closed on Weekends and Public Holidays

Online Public Access Catalog (OPAC)
Website: http://www.parliament.go.ke
Bunge Library: https://libraryir.parliament.go.ke
Contact: library@parliament.go.ke | Tel no: (254-2)2221291 or 2848000 Ext 5043